[Event "Bad Woerishofen op"]
[Site "?"]
[Date "2000.??.??"]
[Round "7"]
[White "Fahnenschmidt, Gerhard"]
[Black "Markus, John Raymond"]
[Result "0-1"]
[WhiteElo "2336"]
[BlackElo "2215"]
[PlyCount "140"]
[EventDate "2000.??.??"]

1. Nf3 d5 2. c4 d4 3. b4 g6 4. e3 c5 5. Bb2 Bg7 6. bxc5 Nc6 7. Nxd4 Nxd4 8.
exd4 Bxd4 9. Nc3 Nf6 10. Be2 O-O 11. O-O e5 12. Qb3 Bxc5 13. Nb5 a6 14. d4 exd4
15. Nxd4 Ne4 16. Rad1 Qh4 17. Bf3 Bf5 18. Bxe4 Bxe4 19. Qc3 Qf6 20. Qc1 Rad8
21. Nf3 Qb6 22. Qc3 f6 23. Ng5 Bxf2+ 24. Kh1 Rxd1 25. Rxd1 Qc6 26. Nxe4 Qxe4
27. c5 h5 28. Qb3+ Kg7 29. Rd7+ Kh6 30. Qd1 g5 31. Bd4 Bxd4 32. Rxd4 Qe5 33.
Rd5 Qe4 34. Rd6 Kg6 35. Qa1 Rf7 36. h3 g4 37. Rd4 Qf5 38. Qd1 gxh3 39. g4 Qf2
40. gxh5+ Kh6 41. Rg4 Re7 42. Rg6+ Kh7 43. Qd3 f5 44. Rg1 Qxc5 45. Qb3 Qc6+ 46.
Kh2 Qe6 47. Qxe6 Rxe6 48. Rb1 b5 49. Kxh3 Kh6 50. Kg3 Kxh5 51. Kf4 Kg6 52. Kf3
Kf6 53. Rc1 Rd6 54. Ke3 Ke5 55. Rc5+ Rd5 56. Rc6 a5 57. Rc8 b4 58. Re8+ Kd6 59.
Rd8+ Kc5 60. Rc8+ Kb5 61. Rc2 Ka4 62. Ke2 Ka3 63. Ke1 a4 64. Rh2 b3 65. axb3
axb3 66. Rh8 b2 67. Rb8 Rd4 68. Ke2 Rb4 69. Ra8+ Kb3 70. Kd2 b1=Q 0-1

[Event "Bad Woerishofen op"]
[Site "?"]
[Date "2000.??.??"]
[Round "9"]
[White "Fahnenschmidt, Gerhard"]
[Black "Vettel, Matthias"]
[Result "0-1"]
[WhiteElo "2336"]
[BlackElo "2206"]
[PlyCount "110"]
[EventDate "2000.??.??"]

1. Nf3 Nf6 2. c4 c5 3. Nc3 d5 4. cxd5 Nxd5 5. d4 Nxc3 6. bxc3 g6 7. Bg5 Bg7 8.
Qd2 h6 9. Bf4 cxd4 10. cxd4 Nc6 11. e3 O-O 12. Bc4 Qa5 13. Rc1 Qxd2+ 14. Kxd2
Rd8 15. Bc7 Rd7 16. Bg3 e5 17. Bb5 exd4 18. exd4 Rd5 19. Bc4 Rd8 20. Rhd1 Nxd4
21. Nxd4 Rxd4+ 22. Ke3 Rxd1 23. Rxd1 Bf5 24. Bd5 Re8+ 25. Kf3 b6 26. Bd6 Rd8
27. Bb3 Bf8 28. Bf4 Rxd1 29. Bxd1 h5 30. Bb3 Bc5 31. h3 a5 32. Bd2 Bd7 33. a4
Bc6+ 34. Kg3 Bd6+ 35. f4 g5 36. h4 gxf4+ 37. Bxf4 Bxf4+ 38. Kxf4 Bxg2 39. Kg5
Kg7 40. Kxh5 Bc6 41. Kg5 b5 42. axb5 Bxb5 43. h5 f6+ 44. Kf5 Bd7+ 45. Ke4 Be8
46. Bd1 Kh6 47. Kd4 Bxh5 48. Ba4 Kg7 49. Kc5 Kf8 50. Kd6 Be8 51. Ke6 Bxa4 52.
Kxf6 Bd1 53. Ke5 a4 54. Kd4 a3 55. Kc3 Ke7 0-1

[Event "Bad Woerishofen op"]
[Site "Bad Woerishofen"]
[Date "2000.??.??"]
[Round "1"]
[White "Feicht, Roland"]
[Black "Seifert, Volker"]
[Result "0-1"]
[WhiteElo "1460"]
[BlackElo "2108"]
[PlyCount "26"]
[EventDate "1998.03.05"]
[Source "ChessBase"]
[SourceDate "1998.04.29"]

1. e4 c5 2. Nf3 Nc6 3. Bb5 g6 4. O-O Bg7 5. Re1 e5 6. c3 Nge7 7. d4 cxd4 8.
cxd4 Nxd4 9. Bc4 Nec6 10. Nc3 O-O 11. Nd5 d6 12. Bg5 Nxf3+ 13. Qxf3 Qxg5 0-1

[Event "Bad Woerishofen op"]
[Site "?"]
[Date "2000.??.??"]
[Round "3"]
[White "Feicht, Roland"]
[Black "Holuba, Stefan"]
[Result "0-1"]
[WhiteElo "1460"]
[BlackElo "1740"]
[PlyCount "66"]
[EventDate "2000.??.??"]

1. e4 c5 2. Nf3 d6 3. Bb5+ Bd7 4. a4 Nf6 5. Nc3 g6 6. e5 dxe5 7. Nxe5 a6 8. Bc4
e6 9. d4 cxd4 10. Qxd4 Nc6 11. Nxc6 Bxc6 12. Qxd8+ Rxd8 13. O-O Bg7 14. b4 Ne4
15. b5 Bxc3 16. bxc6 Bxa1 17. Bh6 Bc3 18. cxb7 Rb8 19. Bxa6 Nc5 20. Bb5+ Ke7
21. Be3 Nxb7 22. Rb1 Na5 23. Bc5+ Kf6 24. Bb4 Bxb4 25. Rxb4 Rhd8 26. Rb1 Rd2
27. Re1 Rbd8 28. Bd3 Nc6 29. Kf1 Nb4 30. Re2 Rd1+ 31. Re1 Rxe1+ 32. Kxe1 Nxd3+
33. cxd3 Rxd3 0-1

[Event "Bad Woerishofen op"]
[Site "?"]
[Date "2000.??.??"]
[Round "5"]
[White "Feicht, Roland"]
[Black "Bretscher, Robert"]
[Result "0-1"]
[WhiteElo "1460"]
[BlackElo "1625"]
[PlyCount "78"]
[EventDate "2000.??.??"]

1. e4 e5 2. Nf3 Nc6 3. Bc4 Bc5 4. b4 Bxb4 5. c3 Be7 6. d4 Na5 7. Bd3 exd4 8.
cxd4 Nf6 9. Bd2 Nc6 10. Qb3 O-O 11. d5 Nb8 12. O-O d6 13. Re1 Nbd7 14. Be3 Ng4
15. Bd4 Bf6 16. Qc3 Bxd4 17. Nxd4 Qh4 18. Nf5 Qxf2+ 19. Kh1 Nge5 20. Na3 Qc5
21. Bc4 a6 22. Qg3 Ng6 23. Rac1 Qa5 24. Be2 Nf6 25. Nc4 Qxa2 26. Bg4 b5 27.
Nce3 Nxe4 28. Qf3 Ng5 29. Qg3 Ne4 30. Qf3 Nf2+ 31. Kg1 Nd3 32. Bh5 Nxe1 33.
Rxe1 Qd2 34. Rf1 Bxf5 35. Nxf5 Rfe8 36. Bg4 Re1 37. h4 Rxf1+ 38. Kxf1 Qf4 39.
Ne7+ Kh8 0-1

[Event "Bad Woerishofen op"]
[Site "?"]
[Date "2000.??.??"]
[Round "6"]
[White "Feicht, Roland"]
[Black "Muenchhalfen, Harald"]
[Result "1/2-1/2"]
[WhiteElo "1460"]
[BlackElo "1480"]
[PlyCount "20"]
[EventDate "2000.??.??"]

1. e4 e6 2. d4 d5 3. Nc3 dxe4 4. Nxe4 Nd7 5. Nf3 Ngf6 6. Bd3 Nxe4 7. Bxe4 Nf6
8. Bg5 Be7 9. Qd3 Nxe4 10. Bxe7 Qxe7 1/2-1/2

[Event "Bad Woerishofen op"]
[Site "Bad Woerishofen"]
[Date "2000.??.??"]
[Round "1"]
[White "Fischer, Johann"]
[Black "Kugelmann, Joachim"]
[Result "1-0"]
[WhiteElo "2362"]
[BlackElo "2001"]
[PlyCount "97"]
[EventDate "1998.03.05"]
[Source "ChessBase"]
[SourceDate "1998.04.29"]

1. c4 Nf6 2. Nc3 e6 3. e4 e5 4. f4 Bb4 5. fxe5 Bxc3 6. bxc3 Nxe4 7. Qg4 Ng5 8.
d4 h6 9. h4 d5 10. Qg3 Ne6 11. Nf3 c5 12. Be3 Nc6 13. dxc5 Qa5 14. Rc1 Ne7 15.
cxd5 Nxd5 16. Bd2 Qxc5 17. Qf2 Bd7 18. c4 Ne7 19. Bd3 Bc6 20. Be3 Qa5+ 21. Qd2
Qxd2+ 22. Kxd2 O-O-O 23. Kc3 Bxf3 24. gxf3 Nc6 25. f4 g5 26. hxg5 hxg5 27. fxg5
Nxe5 28. Bf5 Rhe8 29. Rh7 Rd7 30. Bd4 Nc6 31. Bf6 Ne7 32. Bh3 Rc7 33. Kb2 Ng6
34. Kb3 Ngf4 35. Bg4 Nd3 36. Rd1 Ndc5+ 37. Kb4 b6 38. Bh5 a5+ 39. Ka3 Rf8 40.
Bf3 Re8 41. Bd5 Rd7 42. Rdh1 Nd8 43. Rh8 Re3+ 44. Kb2 Nce6 45. Re8 Re2+ 46. Kb1
Kc7 47. g6 Nf4 48. Rxe2 Nxe2 49. g7 1-0

[Event "Bad Woerishofen op"]
[Site "?"]
[Date "2000.??.??"]
[Round "3"]
[White "Fischer, Johann"]
[Black "Schaffarth, Peter"]
[Result "1-0"]
[WhiteElo "2362"]
[BlackElo "2160"]
[PlyCount "89"]
[EventDate "2000.??.??"]

1. c4 Nf6 2. Nc3 b6 3. e4 d6 4. d4 Bb7 5. Bd3 Nbd7 6. Nf3 e5 7. O-O Be7 8. Re1
O-O 9. b3 Ne8 10. Bb2 g6 11. dxe5 dxe5 12. Nd5 Bd6 13. Qd2 c6 14. Ne3 Qe7 15.
Bc3 Rd8 16. b4 Ng7 17. Qb2 f6 18. Rad1 Ne6 19. a3 Rfe8 20. g3 Ndf8 21. Bf1 Bc7
22. b5 Rxd1 23. Rxd1 c5 24. Nd5 Bxd5 25. cxd5 Nd4 26. Bg2 Qd7 27. Bxd4 exd4 28.
Nd2 g5 29. f3 Ng6 30. Qb3 Kg7 31. Rf1 Ne5 32. a4 Bd6 33. Kh1 Rc8 34. f4 Ng6 35.
Nc4 Rf8 36. h4 Bb8 37. h5 Ne7 38. fxg5 Qg4 39. Qf3 Qxg5 40. d6 Ng8 41. e5 Nh6
42. Bh3 f5 43. e6 Re8 44. Re1 Ng8 45. Qxf5 1-0

[Event "Bad Woerishofen op"]
[Site "?"]
[Date "2000.??.??"]
[Round "5"]
[White "Fischer, Johann"]
[Black "Sulava, Nenad"]
[Result "0-1"]
[WhiteElo "2360"]
[BlackElo "2485"]
[PlyCount "32"]
[EventDate "2000.??.??"]

1. c4 b6 2. Nc3 Bb7 3. e4 e6 4. d4 Bb4 5. f3 f5 6. exf5 Nh6 7. Be3 Nxf5 8. Bf2
O-O 9. Nge2 c5 10. a3 Bxc3+ 11. Nxc3 cxd4 12. Bxd4 Nc6 13. Bf2 Rc8 14. Rc1 Ne5
15. Nb5 Nh4 16. Nd4 Nhxf3+ 0-1

[Event "Bad Woerishofen op"]
[Site "?"]
[Date "2000.??.??"]
[Round "7"]
[White "Fischer, Johann"]
[Black "Gyimesi, Zoltan"]
[Result "0-1"]
[WhiteElo "2362"]
[BlackElo "2518"]
[PlyCount "80"]
[EventDate "2000.??.??"]

1. c4 e6 2. Nf3 d5 3. g3 dxc4 4. Qa4+ Nd7 5. Bg2 a6 6. Qxc4 b5 7. Qc2 Bb7 8.
O-O Ngf6 9. d3 Be7 10. b3 O-O 11. Bb2 c5 12. Nbd2 Rc8 13. Rac1 Rc7 14. Qb1 Qa8
15. Rfd1 Rfc8 16. Qa1 h6 17. Bh3 Ne8 18. Ne5 Nf8 19. f4 Qa7 20. Bg2 Bxg2 21.
Kxg2 Nd6 22. Nef3 Ne8 23. Be5 Rc6 24. Ne4 Nd7 25. Rf1 Qb7 26. Nf2 c4 27. bxc4
bxc4 28. Bd4 cxd3 29. Nxd3 Rc2 30. Rxc2 Rxc2 31. Rf2 Qe4 32. Qd1 Rxa2 33. e3
Rxf2+ 34. Nxf2 Qc6 35. e4 a5 36. g4 Nef6 37. Qb1 a4 38. Kg3 a3 39. e5 Nd5 40.
Nd3 Qc4 0-1

[Event "Bad Woerishofen op"]
[Site "?"]
[Date "2000.??.??"]
[Round "9"]
[White "Fischer, Johann"]
[Black "Heinig, Wolfram"]
[Result "0-1"]
[WhiteElo "2362"]
[BlackElo "2291"]
[PlyCount "82"]
[EventDate "2000.??.??"]

1. c4 g6 2. d4 Bg7 3. Nc3 d6 4. e4 Nd7 5. Be3 e5 6. d5 Ne7 7. Bd3 O-O 8. Nge2
f5 9. f3 Nf6 10. Qd2 c5 11. dxc6 bxc6 12. Rd1 fxe4 13. Nxe4 d5 14. cxd5 cxd5
15. Bc4 Bb7 16. Bb3 Kh8 17. Nc5 Bc8 18. Bf2 Rb8 19. O-O Nf5 20. g4 Ne7 21. h3
Qd6 22. Rc1 Nd7 23. Nxd7 Qxd7 24. Bg3 Ba6 25. Rf2 Rbc8 26. Nc3 Bb7 27. Re1 d4
28. Ne4 Nd5 29. Qa5 Nf4 30. Bxf4 Rxf4 31. Qxa7 d3 32. Be6 Qxe6 33. Qxb7 Bh6 34.
Rd1 Rf7 35. Qb5 Be3 36. Kg2 Bxf2 37. Nxf2 Rc2 38. Rxd3 e4 39. Qb8+ Kg7 40. Qb3
Qxb3 41. Rxb3 Rxf3 0-1

[Event "Bad Woerishofen op"]
[Site "?"]
[Date "2000.??.??"]
[Round "2"]
[White "Fleck, Ronald"]
[Black "Taschner, Peter"]
[Result "0-1"]
[WhiteElo "1733"]
[BlackElo "2019"]
[PlyCount "54"]
[EventDate "2000.??.??"]

1. e4 d6 2. d4 Nf6 3. f3 Nbd7 4. Be3 c6 5. c4 e6 6. Nc3 Be7 7. Bd3 a6 8. Nge2
Qa5 9. O-O g6 10. a3 c5 11. Qb1 Qc7 12. b4 cxd4 13. Bxd4 O-O 14. f4 b6 15. Qc2
Bb7 16. Rac1 Rac8 17. Ng3 e5 18. fxe5 Nxe5 19. Nd5 Nxd5 20. cxd5 Qxc2 21. Bxc2
Bg5 22. Ne2 Bxc1 23. Rxc1 b5 24. Bb1 Rxc1+ 25. Nxc1 f6 26. Nd3 Rc8 27. Bb2 Kf7
0-1

[Event "Bad Woerishofen op"]
[Site "?"]
[Date "2000.??.??"]
[Round "4"]
[White "Fleck, Ronald"]
[Black "Wilhelm, Andreas"]
[Result "1-0"]
[WhiteElo "1733"]
[BlackElo "1379"]
[PlyCount "102"]
[EventDate "2000.??.??"]

1. e4 c6 2. d4 d5 3. e5 Bf5 4. Nf3 e6 5. a3 c5 6. c4 Nc6 7. Nc3 cxd4 8. Nxd4
Bg6 9. cxd5 exd5 10. Bb5 Qc7 11. O-O Rd8 12. Qa4 Bc5 13. Nxc6 bxc6 14. Bxc6+
Kf8 15. Bxd5 Ne7 16. Bf3 Bd3 17. Re1 Rd4 18. b4 Bb6 19. Bb2 Rf4 20. Ne4 h5 21.
Rac1 Qb8 22. Nc5 Bxc5 23. Rxc5 h4 24. Bc1 Rc4 25. Rxc4 Bxc4 26. Qd7 Be6 27. Qd6
Qe8 28. h3 Kg8 29. Bb2 Rh6 30. Rd1 Bd5 31. Qc7 Rc6 32. Qxa7 Bxf3 33. gxf3 Rg6+
34. Kh2 Nc6 35. Qd7 Qb8 36. Qd5 Qb6 37. Rd2 Kh7 38. f4 Ne7 39. Qd3 Qc6 40. f3
Nf5 41. Rc2 Qb7 42. Rg2 Ng3 43. Bc1 Qc8 44. Be3 Qe6 45. b5 Nf5 46. Rxg6 Qxg6
47. Bf2 Kh6 48. b6 Qc6 49. Qxf5 Qxf3 50. Qg5+ Kh7 51. Qxh4+ Kg8 1-0

[Event "Bad Woerishofen op"]
[Site "?"]
[Date "2000.??.??"]
[Round "5"]
[White "Fleck, Ronald"]
[Black "Zickelbein, Eva Maria"]
[Result "0-1"]
[WhiteElo "1733"]
[BlackElo "1967"]
[PlyCount "82"]
[EventDate "2000.??.??"]

1. e4 e5 2. Nf3 Nc6 3. Bc4 Nf6 4. d3 Be7 5. Nc3 d6 6. h3 Na5 7. Bb3 Nxb3 8.
axb3 O-O 9. Be3 b6 10. O-O Bb7 11. Qe2 Nd7 12. Rfd1 f5 13. exf5 Rxf5 14. Ne4
Qf8 15. Ra4 Qf7 16. Rda1 a6 17. Neg5 Bxg5 18. Nxg5 Qg6 19. Ne4 b5 20. R4a2 d5
21. Ng3 d4 22. Bd2 Raf8 23. Rf1 Nf6 24. Ne4 Nxe4 25. dxe4 Rh5 26. Qg4 Qxe4 27.
Qxe4 Bxe4 28. Rxa6 Bxc2 29. Rc6 Bd3 30. Rfc1 Rhf5 31. f3 e4 32. fxe4 Rf1+ 33.
Rxf1 Rxf1+ 34. Kh2 Bxe4 35. Rxc7 Rf2 36. Ba5 Rxg2+ 37. Kh1 Rxb2+ 38. Kg1 Rxb3
39. Bb6 Rg3+ 40. Kf2 Rg2+ 41. Ke1 d3 0-1

[Event "Bad Woerishofen op"]
[Site "?"]
[Date "2000.??.??"]
[Round "7"]
[White "Fleck, Ronald"]
[Black "Sepp, Lothar"]
[Result "0-1"]
[WhiteElo "1733"]
[BlackElo "1877"]
[PlyCount "124"]
[EventDate "2000.??.??"]

1. e4 e6 2. d4 d5 3. Nc3 dxe4 4. Nxe4 Nd7 5. Nf3 Ngf6 6. Ng3 Be7 7. Bc4 O-O 8.
O-O b6 9. Qe2 Bb7 10. Re1 Nd5 11. Bb3 c5 12. c4 Nc7 13. d5 Ba6 14. Bf4 Nxd5 15.
Qd2 Nxf4 16. Qxf4 Qb8 17. Qe3 Rd8 18. Rac1 Bb7 19. Ng5 Nf8 20. Bc2 Rd4 21. N3e4
Qd8 22. b3 Qc7 23. Qh3 Bxe4 24. Nxe4 Rad8 25. g3 a6 26. f4 f5 27. Nc3 Qd7 28.
Rcd1 Rd2 29. Nd5 Rxd1 30. Nxe7+ Qxe7 31. Rxd1 Rxd1+ 32. Bxd1 Qd6 33. Qf1 Qd4+
34. Kg2 Qd2+ 35. Qe2 Qxe2+ 36. Bxe2 h6 37. Bd3 Kf7 38. Kf3 Kf6 39. h3 Nd7 40.
Bc2 a5 41. Ke3 Nb8 42. Bd1 Nc6 43. a4 Nd4 44. Kd3 g5 45. Ke3 e5 46. fxg5+ Kxg5
47. h4+ Kf6 48. Kd3 e4+ 49. Kd2 Ke5 50. Ke3 Ne6 51. Bc2 Nd4 52. Bd1 f4+ 53.
gxf4+ Kf5 54. h5 Ne6 55. Bc2 Nxf4 56. Bxe4+ Kg5 57. Bh1 Nxh5 58. Ke4 Ng3+ 59.
Kd5 Nxh1 60. Kc6 Ng3 61. Kxb6 h5 62. Kxc5 h4 0-1

[Event "Bad Woerishofen op"]
[Site "?"]
[Date "2000.??.??"]
[Round "9"]
[White "Fleck, Ronald"]
[Black "Gossmann, Ewald"]
[Result "0-1"]
[WhiteElo "1733"]
[BlackElo "2075"]
[PlyCount "60"]
[EventDate "2000.??.??"]

1. e4 c6 2. d4 d5 3. e5 Bf5 4. Nf3 e6 5. a3 Nd7 6. c4 dxc4 7. Bxc4 Ne7 8. Nc3
Nd5 9. Nxd5 cxd5 10. Be2 Be7 11. Be3 O-O 12. Rc1 Qb6 13. b4 a5 14. bxa5 Rxa5
15. a4 Qb4+ 16. Bd2 Qxa4 17. Bxa5 Qxa5+ 18. Kf1 b5 19. h3 Nb6 20. Kg1 Nc4 21.
Kh2 Ba3 22. Ra1 Qc3 23. Bxc4 dxc4 24. Qd2 Qxd2 25. Nxd2 Bb2 26. Ra7 Bxd4 27.
Rb7 Bxe5+ 28. g3 c3 29. Rxb5 cxd2 30. Rxe5 Bc2 0-1

[Event "Bad Woerishofen op"]
[Site "Bad Woerishofen"]
[Date "2000.??.??"]
[Round "1"]
[White "Florea, Dan"]
[Black "Steiger, Wallfried"]
[Result "1-0"]
[WhiteElo "2274"]
[BlackElo "1890"]
[PlyCount "29"]
[EventDate "1998.03.05"]
[Source "ChessBase"]
[SourceDate "1998.04.29"]

1. d4 e6 2. c4 Nf6 3. Nc3 b6 4. e4 Bb7 5. Bd3 d5 6. cxd5 exd5 7. e5 Ne4 8. Nge2
Nxc3 9. bxc3 c5 10. O-O Be7 11. Nf4 Nd7 12. Nh5 O-O 13. Nxg7 Kxg7 14. Qg4+ Kh8
15. Qf5 1-0

[Event "Bad Woerishofen op"]
[Site "?"]
[Date "2000.??.??"]
[Round "5"]
[White "Florea, Dan"]
[Black "Sailer, Wolfgang"]
[Result "1-0"]
[WhiteElo "2274"]
[BlackElo "2099"]
[PlyCount "77"]
[EventDate "2000.??.??"]

1. d4 Nf6 2. c4 c5 3. d5 e5 4. Nc3 d6 5. e4 g6 6. Nge2 Bg7 7. g3 O-O 8. Bg2
Nbd7 9. O-O Nh5 10. Be3 f5 11. f3 f4 12. Bd2 fxg3 13. hxg3 Ndf6 14. Qc1 Kh8 15.
g4 Nf4 16. Nxf4 exf4 17. Bxf4 Bxg4 18. fxg4 Nxg4 19. Ne2 Qh4 20. Qe1 Qh5 21.
Qg3 Ne5 22. Rf2 Bf6 23. Raf1 Rfe8 24. Bxe5 Bxe5 25. Qh3 Qxh3 26. Bxh3 Bxb2 27.
Be6 Re7 28. Rf7 Rxf7 29. Rxf7 Rb8 30. Nf4 b5 31. cxb5 Rxb5 32. Rxa7 c4 33. Rc7
Bd4+ 34. Kg2 Bc5 35. Nh3 Be3 36. Rxc4 Rb2+ 37. Kf3 Rxa2 38. Kxe3 Ra3+ 39. Kf4
1-0

[Event "Bad Woerishofen op"]
[Site "?"]
[Date "2000.??.??"]
[Round "7"]
[White "Florea, Dan"]
[Black "Ivanov, Michail"]
[Result "0-1"]
[WhiteElo "2274"]
[BlackElo "2465"]
[PlyCount "70"]
[EventDate "2000.??.??"]

1. d4 Nf6 2. c4 g6 3. Nc3 Bg7 4. e4 d6 5. Bd3 O-O 6. Nge2 Nfd7 7. Bc2 a6 8. O-O
c5 9. dxc5 Nxc5 10. b4 Ncd7 11. Rb1 Nc6 12. a3 Nde5 13. Bb3 Be6 14. Nd5 b5 15.
cxb5 axb5 16. Kh1 Qb8 17. Nec3 Qb7 18. f4 Nd7 19. a4 Bxc3 20. Nxc3 Bxb3 21.
Qxb3 bxa4 22. Qa3 Nb6 23. f5 Ne5 24. Bf4 Rfc8 25. Bxe5 dxe5 26. b5 Rc4 27. f6
exf6 28. Rxf6 Rac8 29. Rf3 Qc7 30. Nd5 Nxd5 31. exd5 Qc5 32. h3 Rc1+ 33. Rxc1
Qxc1+ 34. Qxc1 Rxc1+ 35. Kh2 Rd1 0-1

[Event "Bad Woerishofen op"]
[Site "?"]
[Date "2000.??.??"]
[Round "9"]
[White "Florea, Dan"]
[Black "Senk, Christian"]
[Result "1-0"]
[WhiteElo "2274"]
[BlackElo "2151"]
[PlyCount "69"]
[EventDate "2000.??.??"]

1. d4 d5 2. c4 dxc4 3. e3 Nf6 4. Bxc4 e6 5. Nf3 c5 6. O-O a6 7. Qe2 b5 8. Bd3
Nbd7 9. a4 b4 10. Nbd2 Bb7 11. e4 cxd4 12. e5 Nd5 13. Nc4 Nc5 14. Bg5 Qd7 15.
Rfd1 h6 16. Bd2 Bc6 17. a5 Ba4 18. Re1 Nb3 19. Rab1 Bc5 20. Qe4 Bc6 21. Qg4 g6
22. Bc2 Nxd2 23. Nfxd2 h5 24. Qg3 Bb5 25. Bd3 Bxc4 26. Bxc4 Ne7 27. Ne4 Qa7 28.
Rbc1 Rc8 29. Qg5 Ng8 30. Nd6+ Bxd6 31. Bb5+ Kf8 32. Rxc8+ Kg7 33. exd6 axb5 34.
Qe5+ Kh7 35. Rc7 1-0

[Event "Bad Woerishofen op"]
[Site "?"]
[Date "2000.??.??"]
[Round "2"]
[White "Friedrich, Wolfgang"]
[Black "Rothenhagen, Siegfried"]
[Result "1-0"]
[WhiteElo "2104"]
[BlackElo "1671"]
[PlyCount "131"]
[EventDate "2000.??.??"]

1. e4 c5 2. d4 cxd4 3. c3 dxc3 4. Nxc3 Nc6 5. Nf3 d6 6. Bc4 Nf6 7. O-O e6 8.
Qe2 Be7 9. Rd1 Nd7 10. Bf4 Nb6 11. Nb5 Nxc4 12. Qxc4 e5 13. Bxe5 Be6 14. Qa4
O-O 15. Bg3 Qa5 16. Qxa5 Nxa5 17. Nxd6 Bxd6 18. Bxd6 Rfc8 19. Bb4 Nc6 20. Bc3
Bg4 21. Rd3 Bxf3 22. gxf3 Rd8 23. Rad1 Rxd3 24. Rxd3 Rd8 25. Rxd8+ Nxd8 26. Kf1
Kf8 27. Ke2 Ne6 28. Ke3 Ke7 29. f4 g6 30. e5 Nc7 31. Bd4 a6 32. Ke4 Ke6 33. Bb6
Nd5 34. Bd8 Nb4 35. a3 Nc6 36. Bg5 Na5 37. Kd4 b6 38. b4 Nc6+ 39. Kc4 Kd7 40.
Kd5 Na7 41. a4 Nc6 42. Kc4 Na7 43. b5 axb5+ 44. axb5 Ke6 45. Bd8 Nc8 46. Bc7
Kd7 47. Bb8 Ne7 48. Bd6 Nc8 49. Bb4 Ke6 50. f3 g5 51. Bd2 gxf4 52. Bxf4 Ne7 53.
Bg3 Nc8 54. f4 Na7 55. Bf2 Nc8 56. Be3 Kd7 57. f5 Ke7 58. Kd5 Kd7 59. e6+ fxe6+
60. fxe6+ Ke7 61. Bg5+ Ke8 62. Kc6 Na7+ 63. Kxb6 Nc8+ 64. Kc5 h6 65. Bf6 Na7
66. b6 1-0

[Event "Bad Woerishofen op"]
[Site "?"]
[Date "2000.??.??"]
[Round "4"]
[White "Friedrich, Wolfgang"]
[Black "Liszka, Guenter"]
[Result "1-0"]
[WhiteElo "2104"]
[BlackElo "1770"]
[PlyCount "103"]
[EventDate "2000.??.??"]

1. e4 c5 2. c3 d5 3. exd5 Qxd5 4. d4 Nc6 5. Nf3 Bg4 6. Be3 e6 7. Be2 cxd4 8.
cxd4 Bb4+ 9. Nc3 Nge7 10. O-O Bxc3 11. bxc3 O-O 12. c4 Qa5 13. Qb3 Qc7 14. Rac1
Nf5 15. Qb2 Nxe3 16. fxe3 Na5 17. Bd3 Bxf3 18. Rxf3 Rad8 19. Qf2 Qe7 20. Rh3 g6
21. e4 Nc6 22. d5 Ne5 23. Be2 exd5 24. cxd5 b6 25. Rhc3 Rd7 26. Qf4 a5 27. g4
f6 28. Bb5 Ra7 29. h3 Rd8 30. a4 Rf8 31. Qf2 Qd6 32. Qe3 Kg7 33. R3c2 Rff7 34.
Bc6 Nxc6 35. Rxc6 Qb4 36. R1c4 Qb1+ 37. Kg2 Rab7 38. Qd4 b5 39. Rc1 Qa2+ 40.
R1c2 Qa3 41. g5 bxa4 42. gxf6+ Kg8 43. Rc8+ Rf8 44. Rxf8+ Kxf8 45. Qc5+ Qxc5
46. Rxc5 Ra7 47. e5 a3 48. e6 Ra8 49. Rc3 a2 50. Ra3 a4 51. Rxa2 a3 52. d6 1-0

[Event "Bad Woerishofen op"]
[Site "?"]
[Date "2000.??.??"]
[Round "6"]
[White "Friedrich, Wolfgang"]
[Black "Kunz, Konstantin"]
[Result "0-1"]
[WhiteElo "2104"]
[BlackElo "2260"]
[PlyCount "64"]
[EventDate "2000.??.??"]

1. e4 c5 2. f4 e6 3. Nc3 a6 4. a4 b6 5. d3 Bb7 6. Nf3 d6 7. g3 Qc7 8. Bg2 Nc6
9. O-O Nf6 10. Qe2 Nd4 11. Nxd4 cxd4 12. Nd1 Be7 13. c3 dxc3 14. Nxc3 O-O 15.
Be3 d5 16. e5 Nd7 17. d4 f5 18. Rac1 Qd8 19. g4 g6 20. Bh3 Nb8 21. Kh1 Kh8 22.
Rg1 Nc6 23. gxf5 gxf5 24. Qh5 Qe8 25. Qh6 Qf7 26. Nxd5 Nb4 27. Bd2 Bxd5+ 28.
Bg2 Rac8 29. Rc3 Bxg2+ 30. Rxg2 Nd5 31. Rcg3 Rg8 32. Rg7 Rxg7 0-1

[Event "Bad Woerishofen op"]
[Site "?"]
[Date "2000.??.??"]
[Round "8"]
[White "Friedrich, Wolfgang"]
[Black "Moehle, Friedrich"]
[Result "1/2-1/2"]
[WhiteElo "2104"]
[BlackElo "1896"]
[PlyCount "82"]
[EventDate "2000.??.??"]

1. e4 c5 2. d4 e6 3. d5 d6 4. f4 g6 5. Nf3 Bg7 6. Bc4 Qe7 7. O-O a6 8. a4 Nf6
9. Nc3 O-O 10. Re1 Ne8 11. e5 dxe5 12. fxe5 h6 13. Bf4 Kh7 14. Qd2 b6 15. Rad1
Ra7 16. h3 Rd7 17. Qe3 Bb7 18. Kh1 exd5 19. Bxd5 Bxd5 20. Nxd5 Qe6 21. c4 b5
22. Qxc5 bxc4 23. Qxc4 Nc6 24. Ne3 Rxd1 25. Rxd1 g5 26. Qxe6 fxe6 27. Bg3 Rf7
28. Nc4 Nc7 29. Rd6 Nb4 30. Nb6 Bf8 31. Rd7 Kg7 32. Bf2 Ncd5 33. Rxf7+ Kxf7 34.
a5 Nf4 35. Kh2 Nfd3 36. Bd4 Nc2 37. Nc4 Ke8 38. g3 Kd7 39. Bc3 Bc5 40. Kg2 Kc6
41. Kf1 Kd5 1/2-1/2

[Event "Bad Woerishofen op"]
[Site "Bad Woerishofen"]
[Date "2000.??.??"]
[Round "1"]
[White "Fries, Elisabeth"]
[Black "Friedrich, Wolfgang"]
[Result "1/2-1/2"]
[WhiteElo "1417"]
[BlackElo "2104"]
[PlyCount "103"]
[EventDate "1998.03.05"]
[Source "ChessBase"]
[SourceDate "1998.04.29"]

1. d4 e6 2. Nf3 f5 3. c4 Nf6 4. Bg5 Be7 5. Nc3 d5 6. e3 c6 7. Be2 O-O 8. O-O
Qe8 9. Rc1 Kh8 10. Bf4 h6 11. h3 Nbd7 12. Ne5 g5 13. Nxd7 Nxd7 14. Bh2 Qg6 15.
f3 Bf6 16. g4 dxc4 17. Bxc4 Nb6 18. Be2 Qg7 19. Kh1 Bd7 20. Rg1 e5 21. dxe5
Bxe5 22. Bxe5 Qxe5 23. Qd4 Rae8 24. Qxe5+ Rxe5 25. e4 fxg4 26. hxg4 Kg7 27. Rg3
Be8 28. Kg2 Re7 29. Rd1 Rf6 30. Rh3 Bf7 31. b3 Nd7 32. Na4 b6 33. Nb2 Ne5 34.
Nd3 Ng6 35. Kf2 Rxe4 36. Rdh1 c5 37. Rxh6 Rxe2+ 38. Kxe2 Nf4+ 39. Nxf4 Rxh6 40.
Rxh6 Kxh6 41. Nd3 c4 42. Ne5 cxb3 43. Nxf7+ Kg7 44. axb3 Kxf7 45. Kd3 Ke6 46.
Ke4 a5 47. f4 gxf4 48. Kxf4 b5 49. Ke3 Ke5 50. g5 Kf5 51. g6 Kxg6 52. Kd4
1/2-1/2

[Event "Bad Woerishofen op"]
[Site "?"]
[Date "2000.??.??"]
[Round "3"]
[White "Fries, Elisabeth"]
[Black "Sepp, Lothar"]
[Result "0-1"]
[WhiteElo "1417"]
[BlackElo "1877"]
[PlyCount "104"]
[EventDate "2000.??.??"]

1. d4 d5 2. Nf3 Nf6 3. Bf4 e6 4. c3 Nbd7 5. Nbd2 c5 6. e3 Be7 7. Bd3 O-O 8. Rc1
Re8 9. O-O a6 10. e4 dxe4 11. Nxe4 Nxe4 12. Bxe4 Nf6 13. Bb1 b5 14. Qc2 c4 15.
Ng5 g6 16. f3 Nd5 17. Nh3 Nxf4 18. Nxf4 Bg5 19. Qe4 Rb8 20. Rce1 Qd6 21. Nh3
Bf6 22. f4 Bb7 23. Qe2 Qd5 24. Be4 Qxe4 25. Qxe4 Bxe4 26. Rxe4 Red8 27. Rfe1 a5
28. a3 b4 29. axb4 axb4 30. Nf2 bxc3 31. bxc3 Rb3 32. Nd1 Ra8 33. R4e2 Ra1 34.
Kf1 Bh4 35. g3 Bd8 36. Nb2 Rxe1+ 37. Kxe1 Rxc3 38. Kd1 Bb6 39. Rc2 Rxc2 40.
Kxc2 Bxd4 41. Nxc4 Bg1 42. Nd2 Bxh2 43. Nf1 Bg1 44. Kd3 f5 45. Ke2 Kf7 46. Kf3
h5 47. Nd2 Kf6 48. Nc4 Bd4 49. Nd6 Ke7 50. Nc4 Kd7 51. Ne5+ Bxe5 52. fxe5 g5
0-1

[Event "Bad Woerishofen op"]
[Site "?"]
[Date "2000.??.??"]
[Round "5"]
[White "Fries, Elisabeth"]
[Black "Schwabe, Manfred"]
[Result "1/2-1/2"]
[WhiteElo "1417"]
[BlackElo "1719"]
[PlyCount "107"]
[EventDate "2000.??.??"]

1. d4 Nf6 2. c4 e5 3. dxe5 Ng4 4. e3 Nxe5 5. Nf3 Nbc6 6. Bd2 d6 7. Be2 Bf5 8.
Bc3 Be7 9. Nxe5 Nxe5 10. Bxe5 dxe5 11. Qxd8+ Rxd8 12. O-O O-O 13. Nc3 c6 14.
Rad1 f6 15. Rxd8 Rxd8 16. Rd1 Kf7 17. Rxd8 Bxd8 18. e4 Be6 19. b3 Ba5 20. Nd1
Bb4 21. Ne3 Ke7 22. Nc2 Bc3 23. Kf1 Kd6 24. h3 b6 25. g4 Bd7 26. Kg2 a5 27. Kf3
Kc5 28. Bd3 b5 29. Ke2 Be6 30. cxb5 cxb5 31. Kd1 a4 32. bxa4 b4 33. a5 Bxa2 34.
a6 Kb6 35. Kc1 b3 36. Na3 Bd4 37. f3 b2+ 38. Kc2 Bf7 39. Kb1 Bb3 40. Be2 Be6
41. Nb5 Bc8 42. Nxd4 exd4 43. Kxb2 Bxa6 44. Bxa6 Kxa6 45. Kb3 Kb5 46. f4 Kc5
47. h4 d3 48. Kc3 d2 49. Kxd2 Kd4 50. e5 fxe5 51. fxe5 Kxe5 52. Ke3 g6 53. g5
Kd5 54. Kd3 1/2-1/2